| 000 | 00484cam a22001337a 4500 | ||
|---|---|---|---|
| 008 | 180718b1963 xxu||||| |||| 00| 0 eng d | ||
| 082 | _aB142x73 Un3 | ||
| 100 | _aUnited Status. President's Commission on the Status of Women | ||
| 245 | _aAmerican women: report of the Presidents Commission on the Status of Women | ||
| 260 |
_aWashington, D.C. _bGovernment Printing Office _c1963 |
||
| 300 | _a86+p. | ||
| 500 | _aChairman: Eleqnor Roosevelt | ||
| 700 | _aRoosevelt, Eleaner (Chairman) | ||
| 999 |
_c488830 _d488830 |
||